[Event "ISR-ch U08/18"]
[Site "Savyon"]
[Date "2022.04.10"]
[Round "4"]
[White "Levin, Guy"]
[Black "Borodety, Itamar"]
[Result "1-0"]
[WhiteElo "2340"]
[BlackElo "1887"]
[PlyCount "109"]
[EventDate "2022.04.06"]
[EventType "swiss"]
[EventRounds "9"]
[EventCountry "ISR"]
[SourceTitle "EXT 2023"]
[Source "ChessBase"]
[SourceDate "2022.10.05"]
[SourceVersion "1"]
[SourceVersionDate "2022.10.05"]
[SourceQuality "1"]

1. e4 c5 2. Nc3 Nc6 3. Nf3 d6 4. Bc4 Nf6 5. 0-0 g6 6. Qe2 Bg4 7. Qe3 Bxf3 8. Qxf3 Bg7 9. Bb5 Rc8 10. Nd5 0-0 11. Nxf6+ Bxf6 12. c3 a6 13. Be2 b5 14. d3 b4 15. Bd2 bxc3 16. bxc3 Qa5 17. Rfc1 Nd4 18. Qe3 Bg5 19. cxd4 Qxd2 20. Qxd2 Bxd2 21. Rc2 Bg5 22. dxc5 dxc5 23. Rb1 Bf6 24. Rb6 Bd4 25. Rxa6 Ra8 26. Rxa8 Rxa8 27. Rd2 Bc3 28. Rc2 Bd4 29. g3 g5 30. Kg2 Kg7 31. Bd1 Ra3 32. Rd2 Kf6 33. Bb3 e6 34. f4 gxf4 35. gxf4 Ra8 36. a4 Rg8+ 37. Kf3 Bc3 38. e5+ Ke7 39. Rc2 Bb4 40. d4 Rd8 41. a5 Bxa5 42. Rxc5 Rxd4 43. Rxa5 Rd3+ 44. Kg4 Rxb3 45. Ra8 h5+ 46. Kg5 Rh3 47. Ra7+ Ke8 48. Kf6 Rh4 49. Re7+ Kd8 50. Rxf7 Rxf4+ 51. Kxe6 Ra4 52. Rf8+ Kc7 53. Rf5 Rh4 54. Rf2 Rc4 55. Kf7 1-0

[Event "ISR-ch U16"]
[Site "HaKfar HaYarok"]
[Date "2021.03.23"]
[Round "5"]
[White "Borodety, Itamar"]
[Black "Sokolovsky, Yahli"]
[Result "0-1"]
[WhiteElo "1612"]
[BlackElo "2472"]
[PlyCount "92"]
[EventDate "2021.03.19"]
[EventType "swiss"]
[EventRounds "9"]
[EventCountry "ISR"]
[SourceTitle "EXT 2022"]
[Source "ChessBase"]
[SourceDate "2021.10.06"]
[SourceVersion "1"]
[SourceVersionDate "2021.10.06"]
[SourceQuality "1"]

1. e4 e5 2. Nf3 Nc6 3. Bb5 a6 4. Bxc6 dxc6 5. Nc3 f6 6. d4 exd4 7. Qxd4 Qxd4 8. Nxd4 c5 9. Nde2 Be6 10. Nf4 Bf7 11. Nfd5 Bd6 12. Bf4 Bxf4 13. Nxf4 0-0-0 14. Nfd5 c6 15. Ne3 Kc7 16. Rd1 Ne7 17. f3 b5 18. Kf2 Kb6 19. g4 Nc8 20. h4 b4 21. Ne2 Nd6 22. h5 a5 23. b3 a4 24. Nc1 Nb5 25. Rxd8 Rxd8 26. Rd1 Rxd1 27. Nxd1 a3 28. Kg3 c4 29. Kf4 c5 30. h6 gxh6 31. Kf5 cxb3 32. cxb3 c4 33. Kxf6 cxb3 34. axb3 Bg8 35. Ke5 Na7 36. Kd4 Nc6+ 37. Kd3 Kc5 38. f4 Nd4 39. Na2 Nxb3 40. Ndc3 bxc3 41. Nxc3 Nd4 42. f5 Nb5 43. e5 Nxc3 44. Kxc3 Kd5 45. e6 Ke5 46. Kc2 Kf4 0-1